| 000 | 00474nam a22001817a 4500 | ||
|---|---|---|---|
| 005 | 20260424110734.0 | ||
| 008 | 260424b |||||||| |||| 00| 0 eng d | ||
| 020 | _qhbk | ||
| 082 | _a348.7346 UNI.161 | ||
| 245 | _aUnited States Supreme Court Reports 161 | ||
| 250 | _aLawyers | ||
| 260 |
_acolorado springs: _bLexisnexis, _c2004. |
||
| 300 |
_a1xxxv,1282p. _c;24cm. |
||
| 490 | _vvol.543 US (part) and 544 US | ||
| 500 | _aIndex | ||
| 650 | _aLaw | ||
| 942 | _cENGLISH | ||
| 999 |
_c619687 _d619687 |
||